Statistics for Capitals of the World in 1920

Click here to take the quiz!

General Stats

  • This quiz has been taken 243 times
  • The average score is 68 of 83

Answer Stats

CountryCity% Correct
ArgentinaBuenos Aires
96%
AfghanistanKabul
96%
AustriaVienna
96%
GermanyBerlin
95%
BelgiumBrussels
95%
CanadaOttawa
95%
FranceParis
95%
ChinaBeijing
94%
FinlandHelsinki
94%
United KingdomLondon
94%
MexicoMexico City
94%
MonacoMonaco
94%
RussiaMoscow
94%
BrazilRio de Janeiro
94%
BulgariaSofia
94%
JapanTokyo City
94%
United StatesWashington D.C.
94%
ColombiaBogotá
93%
AustraliaCanberra
93%
DenmarkCopenhagen
93%
CubaHavana
93%
PeruLima
93%
CzechoslovakiaPrague
93%
ChileSantiago
93%
AlbaniaTirana
93%
PolandWarsaw
93%
Serbs, Croats and SlovenesBelgrade
92%
SwitzerlandBern
92%
HungaryBudapest
92%
NorwayChristiania
92%
Ottoman EmpireConstantinople
92%
SpainMadrid
92%
LatviaRiga
92%
ItalyRome
92%
San MarinoSan Marino
92%
SwedenStockholm
92%
New ZealandWellington
92%
NetherlandsAmsterdam
91%
GreeceAthens
91%
PortugalLisbon
91%
LuxembourgLuxembourg
91%
EthiopiaAddis Ababa
90%
SiamBangkok
90%
South AfricaBloemfontein / Cape Town / Pretoria / Pietermaritzburg
90%
RomaniaBucharest
90%
BoliviaLa Paz / Sucre
90%
PanamaPanama City
90%
El SalvadorSan Salvador
90%
PersiaTehran
90%
VenezuelaCaracas
89%
IcelandReykjavík
89%
EstoniaTallinn
89%
AndorraAndorra la Vella
88%
AzerbaijanBaku
88%
UruguayMontevideo
88%
EcuadorQuito
87%
GuatemalaGuatemala City
86%
NepalKathmandu
86%
ArmeniaYerevan
86%
DanzigDanzig
84%
GeorgiaTbilisi
84%
LiechtensteinVaduz
84%
HaitiPort-au-Prince
83%
YemenSana'a
83%
Costa RicaSan José
83%
ParaguayAsunción
81%
LiberiaMonrovia
81%
Dominican RepublicSanto Domingo
79%
TibetLhasa
75%
NicaraguaManagua
72%
HondurasTegucigalpa
71%
Nejd and HasaRiyadh
65%
HejazMecca
59%
NewfoundlandSt. John's
59%
FiumeFiume
51%
LithuaniaKaunas
50%
Ha'ilHa'il
35%
KubanYekaterinodar
23%
Upper AsirAbha
13%
DonNovocherkassk
11%
Mountain RepublicTemir-Khan-Shura
11%
Dervish StateTaleh
10%
AsirSabya
8%

Score Distribution

Percentile by Number Answered

Percent of People with Each Score

Your Score History

You have not taken this quiz